A theology of church growth / (Record no. 113)

MARC details
000 -LEADER
fixed length control field 00816pam a2200265 i 4500
001 - CONTROL NUMBER
control field 3717860
003 - CONTROL NUMBER IDENTIFIER
control field GBCCL
005 - DATE AND TIME OF LATEST TRANSACTION
control field 20241126110330.0
008 - FIXED-LENGTH DATA ELEMENTS--GENERAL INFORMATION
fixed length control field 801106s1981 miua b 000 0 eng
010 ## -
-- 80027050
020 ## - INTERNATIONAL STANDARD BOOK NUMBER
International Standard Book Number 0310431018 :
Terms of availability $8.95
040 ## - CATALOGING SOURCE
Original cataloging agency DLC
Transcribing agency DLC
Modifying agency DLC
050 00 -
-- BV652.25
-- .P47
082 00 - DEWEY DECIMAL CLASSIFICATION NUMBER
Classification number 266.001
Edition information 19
Item number PET
100 1# - MAIN ENTRY--PERSONAL NAME
Personal name Peters, George W.
9 (RLIN) 2231
245 12 - TITLE STATEMENT
Title A theology of church growth /
Statement of responsibility, etc. George W. Peters.
260 ## - PUBLICATION, DISTRIBUTION, ETC.
Place of publication, distribution, etc. Grand Rapids, MI :
Name of publisher, distributor, etc. Zondervan Pub. House,
Date of publication, distribution, etc. c1981.
300 ## - PHYSICAL DESCRIPTION
Extent 283 p. :
Other physical details ill. ;
Dimensions 20 cm.
440 #0 - SERIES STATEMENT/ADDED ENTRY--TITLE
Title Contemporary evangelical perspectives
9 (RLIN) 2232
504 ## - BIBLIOGRAPHY, ETC. NOTE
Bibliography, etc. note Includes bibliographical references and indexes.
650 #0 - SUBJECT ADDED ENTRY--TOPICAL TERM
Topical term or geographic name entry element Church growth.
9 (RLIN) 291
650 #0 - SUBJECT ADDED ENTRY--TOPICAL TERM
Topical term or geographic name entry element Church.
9 (RLIN) 263
906 ## - LOCAL DATA ELEMENT F, LDF (RLIN)
a 7
b cbc
c orignew
d u
e ocip
f 19
g y-gencatlg
942 ## - ADDED ENTRY ELEMENTS (KOHA)
Source of classification or shelving scheme Dewey Decimal Classification
Koha item type Books
Koha issues (borrowed), all copies 3
Holdings
Withdrawn status Lost status Source of classification or shelving scheme Damaged status Not for loan Home library Current Library Shelving location Date acquired Source of acquisition Total checkouts Full call number Barcode Date last seen Date last checked out Copy number Price effective from Koha item type
    Dewey Decimal Classification     GRACE BIBLE COLLEGE GRACE BIBLE COLLEGE Ministry & Mission 2016-05-25 GBC 4 266.001 PET 001470 2025-05-01 2020-03-02 c.1 2016-05-25 Books
© Grace Bible College Library 2025